00510nam a2200193Ia 4500999001500000003000400015005001700019008004100036020001500077040000900092082001800101100002700119245005300146250001200199260004100211300000900252650001300261942004200274 c8706d8706OSt20201009123652.0190216s9999||||xx |||||||||||||| ||und|| a8170297214 coclc a004.67bHOF/I aHoffman, Paul E 95544 0aThe Internet Instant Reference /cPaul E Hoffman a3rd Ed. bBpb Publications,c1996.aNew Delhi: a323p aComputer cBK2ddch004.67iHOF/Ik004.67mHOF/I